01321nam a2200277 a 450000100100000000500170001000800410002702000180006804000260008624501300011226000720024230000210031449000910033549000250042650400730045150400320052450000760055670000370063270000310066970000320070071000610073283000960079383000320088995201050092199900170102600004326520250909091242.0140303s2009 sp 000 0 spa d a9788483470954 aDO-SdBNPbspiacBNPHU00aEconomistas españoles del exilio en México /cedición de Eugenia Correa y Alicia Girón ; prólogo de José Déniz. aMadrid :bAgencia Española de Cooperación Internacional,c2009. a198 p. ;c24 cm.1 aAntología del pensamiento político, social y económico de América latina ;v121 aCiencias y humanismo aIncluye referencias bibliográficas y notas al pie de las páginas aBibliografía : p. 181-198 aIncluye datos biográficos de los editores en al solapa de la cubierta1 aDéniz, José,epról.9708771 aGiron, Alicia,eed.9708781 aCorrea, Eugeniaeed.9708792 aAgencia Española de Cooperación Internacional934585 0aAntología del pensamiento político, social y económico de América Latinav12970880 0aCiencias y humanismo970218 001050718MOaGRbGRcCTd2014-03-03iLF1l0o p43265-10r2020-06-25w2020-06-25y1ZNo se presta c42754d42754